ბათუმის შოთა რუსთაველის სახელმწიფო უნივერსიტეტის ბიბლიოთეკა

ქართველი ერის ისტორია. წ. 1. (ბიბ.ჩანაწერი № 56598)

000 -LEADER
fixed length control field 01236nam a2200265Ia 4500
001 - CONTROL NUMBER
control field 23714
003 - CONTROL NUMBER IDENTIFIER
control field GE_BSU
008 - FIXED-LENGTH DATA ELEMENTS--GENERAL INFORMATION
fixed length control field 181216s||||||||xx |||||||||||||| ||und||
040 ## - CATALOGING SOURCE
Transcribing agency GE_BSU
080 ## - UNIVERSAL DECIMAL CLASSIFICATION NUMBER
Universal Decimal Classification number 94(479.22)
100 ## - MAIN ENTRY--PERSONAL NAME
Personal name ჯავახიშვილი, ი. (ივანე, 1876-1940)
245 ## - TITLE STATEMENT
Title ქართველი ერის ისტორია. წ. 1.
245 ## - TITLE STATEMENT
Statement of responsibility, etc. ს. ყაუხჩიშვილის, დ. გვრიტიშვილის და შ. მესხიას შესავალი წერილით. რედ. ს. ყაუხჩიშვილი
250 ## - EDITION STATEMENT
Edition statement მე-5 გამოცემა.
260 ## - PUBLICATION, DISTRIBUTION, ETC.
Place of publication, distribution, etc. თბილისი
260 ## - PUBLICATION, DISTRIBUTION, ETC.
Name of publisher, distributor, etc. თბილ. უნ-ტის გამ-ბა
260 ## - PUBLICATION, DISTRIBUTION, ETC.
Date of publication, distribution, etc. 1960
300 ## - PHYSICAL DESCRIPTION
Extent 503 გვ. : 1 ფ. პორტრ. 24 სმ.
300 ## - PHYSICAL DESCRIPTION
Dimensions ბიბლიოგრ. შენიშვნებში. საძიებლ. გვ. 470-496
520 ## - SUMMARY, ETC.
Summary, etc. დამატ. თავფურც. რუს. ენაზე.
653 ## - INDEX TERM--UNCONTROLLED
Uncontrolled term საქართველოს ისტორია
653 ## - INDEX TERM--UNCONTROLLED
Uncontrolled term ქართველი ერის ისტორია. წ. 1.
942 ## - ADDED ENTRY ELEMENTS (KOHA)
Koha item type წიგნი
ეგზემპლარები
Withdrawn status Lost status Damaged status Not for loan Date acquired Barcode Date last seen Price effective from Koha item type
        2018-12-17 28535 2018-12-17 2018-12-17 წიგნი